[Event "1MCR_3DE_1L_1S"]
[Site "?"]
[Date "2005.??.??"]
[Round "1"]
[White "Bares, Jiri"]
[Black "Necesany, Zdenek"]
[Result "1/2-1/2"]
[WhiteElo "2174"]
[BlackElo "2215"]
[PlyCount "117"]
[EventDate "2005.??.??"]
[EventType "corr"]
[SourceDate "2005.03.20"]

1. d4 Nf6 2. c4 e6 3. Nc3 Bb4 4. Qc2 O-O 5. a3 Bxc3+ 6. Qxc3 b6 7. Bg5 Bb7 8.
f3 d6 9. e3 Nbd7 10. Bd3 c5 11. Ne2 Rc8 12. O-O cxd4 13. Qxd4 Ne5 14. e4 h6 15.
Bh4 Nxd3 16. Qxd3 Ba6 17. b3 d5 18. exd5 exd5 19. Bxf6 Qxf6 20. Qxd5 Rfd8 21.
Qe4 b5 22. Rfe1 bxc4 23. bxc4 Qb6+ 24. Kh1 Re8 25. Qb1 Qxb1 26. Raxb1 Rxc4 27.
Ng3 Rxe1+ 28. Rxe1 Rc3 29. Ra1 Bd3 30. Kg1 f5 31. h4 Kf7 32. Nh1 Kg6 33. Nf2
Bb5 34. a4 Bc6 35. Rd1 a5 36. Rd4 Kf6 37. Nd3 g5 38. Rd6+ Ke7 39. Rxh6 Bxa4 40.
Ne5 gxh4 41. Ra6 Rc5 42. f4 Be8 43. Ra7+ Ke6 44. Kh2 a4 45. Ra6+ Ke7 46. Kh3
Rc2 47. Nf3 Rf2 48. Ra8 Bd7 49. Ne5 Bb5 50. Ra5 Rb2 51. Kxh4 Kf6 52. g4 fxg4
53. Kxg4 Rb4 54. Kf3 Ke6 55. Ra8 Kd5 56. Kg4 Rb1 57. Kf5 Rf1 58. Kg5 Rf2 59.
Ng4 1/2-1/2

[Event "1MCR_3DE_1L_3S"]
[Site "?"]
[Date "2005.??.??"]
[Round "3"]
[White "Sykora, Josef"]
[Black "Schwarz, Jan"]
[Result "1-0"]
[WhiteElo "2394"]
[BlackElo "2295"]
[PlyCount "92"]
[EventDate "2005.??.??"]
[EventType "corr"]
[SourceDate "2005.03.20"]

1. c4 Nf6 2. Nf3 b6 3. g3 c5 4. Bg2 Bb7 5. O-O g6 6. d3 Bg7 7. e4 O-O 8. Nc3 d6
9. Nh4 Nc6 10. f4 e6 11. Be3 d5 12. cxd5 exd5 13. Bf2 d4 14. Nb1 Qd7 15. h3
Rfe8 16. Nd2 Qe6 17. a3 Nd7 18. Qc2 Rac8 19. Rae1 h6 20. e5 Na5 21. Nhf3 Bf8
22. Ne4 Qb3 23. Qb1 Ba6 24. Rd1 Be7 25. Rfe1 Bb5 26. g4 a6 27. Bh4 Bf8 28. Bf6
Rb8 29. g5 h5 30. Kh2 Ba4 31. Rd2 Bc6 32. Rf2 Bxe4 33. Rxe4 Rbc8 34. Nd2 Qe6
35. Qd1 Nxf6 36. gxf6 Qd7 37. f5 Rxe5 38. fxg6 Rf5 39. gxf7+ Kxf7 40. Kh1 Bd6
41. b4 Nc6 42. Rh4 Rh8 43. Rxf5 Qxf5 44. Bxc6 Qxf6 45. Re4 Kg7 46. Qg1+ Kh7 1-0

[Event "1MCR_3DE_1L_2S"]
[Site "?"]
[Date "2005.??.??"]
[Round "2"]
[White "Markytan, Vladislav"]
[Black "Toman, Antonin"]
[Result "1-0"]
[WhiteElo "2168"]
[BlackElo "2209"]
[PlyCount "93"]
[EventDate "2005.??.??"]
[EventType "corr"]
[SourceDate "2005.03.20"]

1. d4 d5 2. Nf3 Nf6 3. g3 c6 4. Bg2 Bg4 5. Nbd2 e6 6. O-O Bd6 7. h3 Bh5 8. c4
Nbd7 9. Re1 O-O 10. Qb3 Qc7 11. Nh4 Rfe8 12. g4 Bg6 13. Nxg6 hxg6 14. g5 Nh7
15. h4 Rad8 16. Rd1 Nhf8 17. Rb1 c5 18. cxd5 cxd4 19. dxe6 Nxe6 20. Qxb7 Nf4
21. Qxc7 Nxe2+ 22. Kf1 Bxc7 23. Ne4 Nxc1 24. Rbxc1 Be5 25. Rc6 Re7 26. Ra6 Nb6
27. Nc5 Kf8 28. b3 Rc8 29. Nd3 Bd6 30. a4 Rc3 31. a5 Nc8 32. b4 Bb8 33. b5 Nd6
34. b6 Nf5 35. Nb4 axb6 36. axb6 Re8 37. b7 Rb3 38. Nd3 Rd8 39. Ra8 Ke8 40.
Bc6+ Ke7 41. Nc5 Rb2 42. Na6 Be5 43. Re1 f6 44. b8=Q Rdxb8 45. Nxb8 d3 46. Be4
d2 47. Nc6+ 1-0

[Event "1MCR_3DE_1L_2S"]
[Site "?"]
[Date "2005.??.??"]
[Round "2"]
[White "Pravec, Ladislav"]
[Black "Janous, Petr"]
[Result "1-0"]
[WhiteElo "2381"]
[BlackElo "2270"]
[PlyCount "109"]
[EventDate "2005.??.??"]
[EventType "corr"]
[SourceDate "2005.03.20"]

1. d4 Nf6 2. c4 e6 3. Nf3 d5 4. Nc3 c5 5. cxd5 Nxd5 6. e4 Nxc3 7. bxc3 cxd4 8.
cxd4 Bb4+ 9. Bd2 Bxd2+ 10. Qxd2 O-O 11. Bc4 b6 12. O-O Bb7 13. Rfe1 Nc6 14.
Rad1 Na5 15. Bd3 h6 16. Qf4 Qf6 17. Qg3 Qe7 18. d5 Rad8 19. dxe6 fxe6 20. Nh4
Rfe8 21. Ng6 Qf6 22. Ne5 Rf8 23. Be2 Rxd1 24. Rxd1 Rd8 25. Rxd8+ Qxd8 26. Qg6
Qe7 27. Bg4 Bc8 28. Bh5 Nb7 29. Nf7 Kf8 30. g3 Qf6 31. Qh7 g6 32. Bxg6 Qg7 33.
Qxg7+ Kxg7 34. Bh5 b5 35. f4 a5 36. Kf2 a4 37. Ne5 Nc5 38. Ke3 Bb7 39. Bf3 b4
40. Nd3 b3 41. axb3 Nxb3 42. Bd1 Bc6 43. Bxb3 axb3 44. e5 Kg6 45. Kd2 Kf5 46.
Nc5 Bd5 47. Nd7 h5 48. Kc3 h4 49. Nf6 hxg3 50. hxg3 Bc4 51. Kb2 Kg6 52. Ng4 Kf7
53. Ne3 Bd3 54. Kxb3 Ke7 55. g4 1-0

[Event "1MCR_3DE_1L_1S"]
[Site "?"]
[Date "2005.??.??"]
[Round "1"]
[White "Necesany, Zdenek"]
[Black "Lounek, Jan"]
[Result "0-1"]
[WhiteElo "2215"]
[BlackElo "2380"]
[PlyCount "130"]
[EventDate "2005.??.??"]
[EventType "corr"]
[SourceDate "2005.03.20"]

1. e4 c5 2. Nf3 d6 3. d4 cxd4 4. Nxd4 Nf6 5. Nc3 a6 6. Be3 e6 7. f3 b5 8. Qd2
Nbd7 9. O-O-O Bb7 10. g4 Nb6 11. Bd3 Rc8 12. g5 Nfd7 13. Kb1 Ne5 14. f4 Nbc4
15. Bxc4 Nxc4 16. Qd3 Qc7 17. Ka1 b4 18. Nce2 e5 19. Nf5 g6 20. Nfg3 exf4 21.
Nxf4 Bg7 22. Bd4 Ne5 23. Qb3 Qc4 24. Kb1 h6 25. gxh6 Bxh6 26. Nd5 Qxb3 27. axb3
Bxd5 28. exd5 Bf4 29. Rhf1 Rh4 30. Bg1 Rb8 31. Rd4 Bxg3 32. hxg3 Rxd4 33. Bxd4
Rb5 34. c4 bxc3 35. bxc3 Rxd5 36. Kc2 Ke7 37. Re1 Kd7 38. Ra1 Nc6 39. Be3 Ra5
40. Rd1 Ra2+ 41. Kb1 Re2 42. Bc5 Re6 43. c4 f5 44. Kb2 Kc7 45. Ba3 Ne5 46. Rd5
Nf7 47. Kc2 Kc6 48. Bc1 Re5 49. Rd2 Re4 50. Rf2 Rg4 51. Rf3 Ne5 52. Re3 a5 53.
Bd2 a4 54. bxa4 Nxc4 55. Rc3 d5 56. Bc1 Kd6 57. Bf4+ Ke6 58. Rb3 g5 59. Bb8 Re4
60. Kc3 f4 61. gxf4 gxf4 62. Rb1 Ne5 63. Bxe5 Kxe5 64. Ra1 f3 65. a5 d4+ 0-1

[Event "1MCR_3DE_1L_2S"]
[Site "?"]
[Date "2005.??.??"]
[Round "2"]
[White "Toman, Antonin"]
[Black "Pytlik, Lesek"]
[Result "1/2-1/2"]
[WhiteElo "2209"]
[BlackElo "2367"]
[PlyCount "154"]
[EventDate "2005.??.??"]
[EventType "corr"]
[SourceDate "2005.03.20"]

1. e4 e5 2. Nc3 Nf6 3. f4 d5 4. fxe5 Nxe4 5. d3 Nxc3 6. bxc3 Be7 7. d4 c5 8.
Nf3 Nc6 9. Bd3 c4 10. Be2 Qa5 11. Bd2 O-O 12. O-O f6 13. Qe1 fxe5 14. Nxe5 Nxe5
15. Rxf8+ Bxf8 16. dxe5 Be6 17. Kh1 Qa4 18. Qd1 Bc5 19. Bg5 Qa5 20. Qd2 Rf8 21.
Bf3 Ba3 22. Rb1 b6 23. h4 Qc5 24. h5 Qc7 25. Re1 Rxf3 26. gxf3 Qf7 27. Kg2 Qxh5
28. Rh1 Qg6 29. Kf1 Qf5 30. Bf4 Bc5 31. Ke1 a5 32. Rf1 b5 33. Kd1 b4 34. Be3
Qh3 35. Ke2 Qh2+ 36. Kd1 Qxd2+ 37. Bxd2 d4 38. cxd4 Bxd4 39. Kc1 Kf7 40. Bf4 h6
41. Rd1 Bc5 42. Bg3 a4 43. Rd8 g5 44. Ra8 a3 45. Ra5 Bg1 46. Be1 h5 47. Bxb4 h4
48. Be1 Be3+ 49. Kb1 Bf4 50. Bf2 h3 51. Bg1 h2 52. Bxh2 Bxh2 53. Kc1 Bf4+ 54.
Kd1 g4 55. Ra7+ Ke8 56. fxg4 Bxg4+ 57. Ke1 Bc1 58. Rc7 Be6 59. c3 Kd8 60. Ra7
Bf5 61. Ra4 Bd3 62. Kd1 Bb2 63. Kd2 Ke7 64. Ke3 Bb1 65. Kd4 Bxa2 66. Kd5 Bb1
67. Ra7+ Kf8 68. Ra8+ Kg7 69. Ra7+ Kh6 70. Ra6+ Kg5 71. e6 Kf6 72. Kd6 Bg6 73.
e7 Be8 74. Ra7 Bxc3 75. Kc5 Be5 76. Rxa3 c3 77. Ra2 Kxe7 1/2-1/2

[Event "1MCR_3DE_1L_3S"]
[Site "?"]
[Date "2005.??.??"]
[Round "3"]
[White "Schwarz, Jan"]
[Black "Nepustil, Frantisek"]
[Result "1/2-1/2"]
[WhiteElo "2295"]
[BlackElo "2200"]
[PlyCount "112"]
[EventDate "2005.??.??"]
[EventType "corr"]
[SourceDate "2005.03.20"]

1. e4 c6 2. d4 d5 3. Nd2 dxe4 4. Nxe4 Nf6 5. Nxf6+ exf6 6. c3 Bd6 7. Bd3 Nd7 8.
Ne2 O-O 9. O-O Re8 10. Bf4 Nf8 11. Bxd6 Qxd6 12. Ng3 Ng6 13. Qc2 Qf4 14. Rae1
Rxe1 15. Rxe1 Be6 16. Bf5 Nf8 17. Re3 Rd8 18. Be4 Ng6 19. b4 Kh8 20. Bf5 Nf8
21. Be4 Qc7 22. a3 Ng6 23. Qd1 Ne7 24. Qh5 h6 25. Re1 Qf4 26. Qd1 Nd5 27. Qc2
Qg5 28. a4 h5 29. Bf3 h4 30. Ne4 Qf5 31. Qd2 Nf4 32. Kh1 g5 33. g3 Nh3 34. Qe3
Bd5 35. Nd2 hxg3 36. hxg3 Kg7 37. Kg2 Rh8 38. Bxd5 cxd5 39. a5 Qg6 40. Rh1 Qh5
41. Kf1 Qd1+ 42. Qe1 Qc2 43. Kg2 g4 44. Qd1 Qf5 45. f3 Re8 46. Re1 Rxe1 47.
Qxe1 Qc2 48. Qe3 Ng5 49. Kf1 gxf3 50. Nxf3 Ne4 51. Nh4 Qxc3 52. Nf5+ Kg6 53.
Qxc3 Nxc3 54. Nd6 f5 55. Nxb7 Nb5 56. Kf2 Nxd4 1/2-1/2

[Event "1MCR_3DE_1L_3S"]
[Site "?"]
[Date "2005.??.??"]
[Round "3"]
[White "Mika, Petr"]
[Black "Cakl, Zdenek"]
[Result "0-1"]
[WhiteElo "1715"]
[BlackElo "2139"]
[PlyCount "86"]
[EventDate "2005.??.??"]
[EventType "corr"]
[SourceDate "2005.03.20"]

1. d4 d5 2. Nf3 e6 3. Bg5 Be7 4. Bxe7 Qxe7 5. Nbd2 Nf6 6. e3 O-O 7. Ne5 Nbd7 8.
Bd3 c5 9. c3 b6 10. Ndf3 Bb7 11. h4 a5 12. h5 c4 13. Bc2 b5 14. g4 Nxe5 15.
Nxe5 Nd7 16. Nxd7 Qxd7 17. f4 Qe7 18. g5 e5 19. h6 g6 20. fxe5 Qxg5 21. Qf3 b4
22. Qf4 Qe7 23. O-O Ra6 24. Rf3 f5 25. Raf1 bxc3 26. bxc3 Rb6 27. Qg3 Kh8 28.
Bd1 Bc8 29. R3f2 Be6 30. Bf3 Rfb8 31. Bd1 Rb1 32. Bf3 a4 33. Rxb1 Rxb1+ 34. Rf1
Rb2 35. Rf2 a3 36. Qg2 Rb5 37. Qg3 g5 38. Bg2 g4 39. Bf1 Qg5 40. Rd2 Rb1 41.
Rc2 Qxh6 42. Qf2 Qg5 43. Qe2 h5 0-1

[Event "1MCR_3DE_1L_1S"]
[Site "?"]
[Date "2005.??.??"]
[Round "1"]
[White "Tomisek, Petr"]
[Black "Doudera, Lubomir"]
[Result "1-0"]
[WhiteElo "2170"]
[BlackElo "2179"]
[PlyCount "81"]
[EventDate "2005.??.??"]
[EventType "corr"]
[SourceDate "2005.03.20"]

1. e4 d5 2. exd5 Qxd5 3. Nc3 Qa5 4. d4 Nf6 5. Nf3 Bg4 6. h3 Bh5 7. g4 Bg6 8.
Ne5 e6 9. Bg2 c6 10. h4 Nbd7 11. Nxd7 Kxd7 12. Bd2 h6 13. g5 hxg5 14. hxg5
Rxh1+ 15. Bxh1 Ne8 16. d5 cxd5 17. Nxd5 Qa4 18. Nc3 Qxc2 19. Nb5 Qxd1+ 20. Rxd1
Bh5 21. Bxb7 Bxd1 22. Bxa8 a6 23. Nd4 Bh5 24. Bc6+ Kd8 25. Ba5+ Nc7 26. Bb7 Kd7
27. Nc6 Nd5 28. Nb8+ Kd6 29. Nxa6 Bg6 30. a4 Be7 31. Nb4 Nf4 32. Bb6 Kd7 33.
Nc6 Nd3+ 34. Ke2 Bxg5 35. a5 Nf4+ 36. Ke1 Nd5 37. Ne5+ Kd6 38. Nc4+ Kd7 39. a6
Nxb6 40. Nxb6+ Kc7 41. a7 1-0

[Event "1MCR_3DE_1L_2S"]
[Site "?"]
[Date "2005.??.??"]
[Round "2"]
[White "Struzka, Vlastimil"]
[Black "Toman, Antonin"]
[Result "1/2-1/2"]
[WhiteElo "2216"]
[BlackElo "2209"]
[PlyCount "199"]
[EventDate "2005.??.??"]
[EventType "corr"]
[SourceDate "2005.03.20"]

1. d4 d5 2. c4 e6 3. Nc3 Nf6 4. Nf3 c6 5. e3 Nbd7 6. Bd3 dxc4 7. Bxc4 b5 8. Bd3
Bb7 9. e4 b4 10. Na4 c5 11. e5 Nd5 12. Nxc5 Nxc5 13. dxc5 Bxc5 14. Qa4+ Ke7 15.
O-O h6 16. Nd2 Nb6 17. Qc2 Rc8 18. Qb1 Qc7 19. Be4 Ba6 20. Re1 Qxe5 21. Nb3
Rhd8 22. Nxc5 Qxc5 23. Be3 Qd6 24. b3 Bd3 25. Bxd3 Qxd3 26. Qb2 Kf8 27. a3 Rc2
28. Qe5 Qc3 29. Qa5 bxa3 30. Qxa7 Nd5 31. Qxa3+ Kg8 32. Rad1 Rb8 33. Bd4 Qc6
34. b4 Rxb4 35. Qg3 f6 36. Qf3 Rcc4 37. Ba7 Rb7 38. Bd4 Nb4 39. Qxc6 Nxc6 40.
Be3 Ne7 41. Rd4 Rxd4 42. Bxd4 Kf7 43. g3 Nd5 44. h4 g5 45. hxg5 hxg5 46. f3 Rb4
47. Ba1 g4 48. fxg4 Rxg4 49. Kf2 Ra4 50. Bb2 Ra2 51. Re2 e5 52. Bc1 Ra1 53. Bb2
Rh1 54. Kg2 Rh8 55. Bc1 Rc8 56. Bd2 Rc2 57. Rf2 Rc4 58. Kf1 Ke6 59. Rf3 e4 60.
Ra3 Ke5 61. Ke1 Kd4 62. Ke2 f5 63. Be1 Rc2+ 64. Kd1 Rg2 65. Ra4+ Kd3 66. Ra3+
Kc4 67. Bd2 e3 68. Be1 Kd4 69. Ra4+ Ke5 70. Ra3 f4 71. gxf4+ Kxf4 72. Ra8 Kf3
73. Rf8+ Nf4 74. Bb4 Rg6 75. Re8 e2+ 76. Kd2 Ra6 77. Kc2 Kf2 78. Re4 Ng2 79.
Kd3 Ra2 80. Bc3 Ne1+ 81. Kc4 Ra4+ 82. Kd5 Ra3 83. Bb4 Ra2 84. Bc3 Nc2 85. Bd2
Ra8 86. Rf4+ Kg3 87. Rf6 Rd8+ 88. Rd6 Ne3+ 89. Kc5 Rxd6 90. Be1+ Kf4 91. Kxd6
Ke4 92. Kc5 Nc2 93. Bg3 Kf3 94. Bh4 Ne3 95. Be1 Ke4 96. Bd2 Kd3 97. Be1 Ng2 98.
Ba5 Kc2 99. Kd4 Kd1 100. Kc4 1/2-1/2

[Event "1MCR_3DE_1L_3S"]
[Site "?"]
[Date "2005.??.??"]
[Round "3"]
[White "Svrsek, Radomir"]
[Black "Sykora, Josef"]
[Result "0-1"]
[WhiteElo "2190"]
[BlackElo "2394"]
[PlyCount "116"]
[EventDate "2005.??.??"]
[EventType "corr"]
[SourceDate "2005.03.20"]

1. d4 Nf6 2. c4 e6 3. Nf3 c5 4. Nc3 cxd4 5. Nxd4 Bb4 6. Ndb5 a6 7. Nd6+ Ke7 8.
Bf4 Qb6 9. Qb3 Nh5 10. Bd2 Nf6 11. O-O-O Nc6 12. Bf4 Qa5 13. a3 Bxc3 14. Qxc3
Qxc3+ 15. bxc3 b6 16. e4 Na5 17. Bg5 h6 18. Be3 Nb7 19. e5 Ng4 20. Bd4 f6 21.
f4 fxe5 22. fxe5 Nxd6 23. exd6+ Kf7 24. Bd3 Bb7 25. Rd2 Rhf8 26. Rf1+ Kg8 27.
Rb2 e5 28. Rxf8+ Rxf8 29. Bxb6 Kf7 30. Bf5 Nf6 31. Rf2 Bc6 32. g3 h5 33. h4 g6
34. Bd3 Kg7 35. c5 e4 36. Bc4 Rb8 37. Rb2 Rf8 38. Re2 Ng4 39. a4 Ra8 40. Kd2 g5
41. hxg5 Kg6 42. Bb3 Kxg5 43. Ke1 e3 44. Bd1 Rf8 45. Bc2 h4 46. gxh4+ Kxh4 47.
Bd3 Kg3 48. a5 Kf4 49. Ra2 Rh8 50. Kd1 Be4 51. Bxe4 Kxe4 52. Re2 Kd3 53. Re1
e2+ 54. Kc1 Ne5 55. c6 Nxc6 56. Rg1 Rh3 57. Kb2 Rf3 58. Re1 Rf1 0-1

[Event "1MCR_3DE_1L_3S"]
[Site "?"]
[Date "2005.??.??"]
[Round "3"]
[White "Peroutik, Jiri"]
[Black "Svrsek, Radomir"]
[Result "0-1"]
[WhiteElo "1822"]
[BlackElo "2190"]
[PlyCount "102"]
[EventDate "2005.??.??"]
[EventType "corr"]
[SourceDate "2005.03.20"]

1. e4 c6 2. d4 d5 3. exd5 cxd5 4. c3 Nf6 5. Bf4 Qb6 6. Qb3 Qxb3 7. axb3 Nc6 8.
Nf3 Nh5 9. Be3 e6 10. g4 Nf6 11. g5 Nd7 12. Bf4 h6 13. gxh6 g6 14. Na3 Bxh6 15.
Bxh6 Rxh6 16. Be2 a6 17. O-O Nf6 18. Rfe1 Nh5 19. Nc2 Nf4 20. b4 Na7 21. Ne3
Bd7 22. Ng4 Rh8 23. Nf6+ Ke7 24. Nxd7 Nxe2+ 25. Rxe2 Kxd7 26. Rae1 Nc6 27. Ng5
Raf8 28. Kg2 Rh5 29. f4 Ne7 30. Kf3 Nf5 31. Rg1 Nd6 32. h3 Rfh8 33. Kf2 b6 34.
Rg4 a5 35. bxa5 bxa5 36. Rg1 Rh4 37. Kf3 Re8 38. Rge1 a4 39. Kg3 Reh8 40. Kf3
f6 41. Nxe6 Rxh3+ 42. Kg2 Ne4 43. Nc5+ Nxc5 44. dxc5 Kc6 45. Re6+ Kxc5 46. Rxf6
Rh2+ 47. Kg3 Rxb2 48. Ree6 Rb3 49. Rc6+ Kb5 50. Rxg6 Ra8 51. f5 a3 0-1

[Event "1MCR_3DE_1L_3S"]
[Site "?"]
[Date "2005.??.??"]
[Round "3"]
[White "Motejzik, Jaroslav"]
[Black "Sykora, Josef"]
[Result "0-1"]
[WhiteElo "2000"]
[BlackElo "2394"]
[PlyCount "100"]
[EventDate "2005.??.??"]
[EventType "corr"]
[SourceDate "2005.03.20"]

1. d4 Nf6 2. c4 e6 3. Nc3 c5 4. d5 exd5 5. cxd5 d6 6. Nf3 g6 7. g3 Bg7 8. Bg2
O-O 9. O-O Re8 10. Nd2 a6 11. a4 Nbd7 12. Nc4 Ne5 13. Nxe5 Rxe5 14. e4 Re8 15.
Rb1 b5 16. axb5 axb5 17. b4 c4 18. h3 Bd7 19. Qc2 Qe7 20. Bb2 Nh5 21. Ra1 f5
22. exf5 gxf5 23. Qd2 f4 24. g4 f3 25. Bxf3 Qf7 26. Rxa8 Rxa8 27. Be4 Nf4 28.
Qe3 Re8 29. Qf3 Be5 30. Kh1 Rf8 31. Bc1 Nd3 32. Qxf7+ Rxf7 33. Bxd3 Bxc3 34.
Be4 Bxb4 35. Kg2 Bc5 36. f4 b4 37. Kf3 Ba4 38. Be3 Bxe3 39. Kxe3 Re7 40. Kd4 c3
41. Rc1 Rc7 42. Bc2 b3 43. Bxb3 Bxb3 44. Rxc3 Rxc3 45. Kxc3 Bxd5 46. Kd4 Bg2
47. h4 Kf7 48. Ke3 Kf6 49. Kf2 Bc6 50. Ke3 Bd7 0-1

[Event "1MCR_3DE_1L_2S"]
[Site "?"]
[Date "2005.??.??"]
[Round "2"]
[White "Paukert, Martin"]
[Black "Struzka, Vlastimil"]
[Result "1-0"]
[WhiteElo "2074"]
[BlackElo "2216"]
[PlyCount "143"]
[EventDate "2005.??.??"]
[EventType "corr"]
[SourceDate "2005.03.20"]

1. f4 d5 2. Nf3 Nc6 3. d4 Bg4 4. e3 e6 5. Be2 Bxf3 6. Bxf3 Qh4+ 7. g3 Qh3 8. b3
O-O-O 9. Qe2 Bd6 10. Ba3 Bxa3 11. Nxa3 Nf6 12. c4 Kb8 13. Nb5 Ne7 14. Nc3 c6
15. c5 Qh6 16. b4 g5 17. b5 gxf4 18. exf4 Ka8 19. Rb1 Qg7 20. Qe5 Rc8 21. Rb3
Qg6 22. Qe2 Nf5 23. bxc6 Rxc6 24. Qb5 Rb8 25. Qa4 Ra6 26. Qb4 Ne7 27. O-O Nc6
28. Nb5 Ne8 29. Qd2 Ra4 30. Bd1 a6 31. f5 Qg7 32. Rbf3 axb5 33. Bxa4 bxa4 34.
f6 Qg6 35. Qd1 Nc7 36. Qxa4+ Na6 37. Ra3 Qe4 38. Rf4 Qe1+ 39. Rf1 Qb4 40. Qxb4
Ncxb4 41. Rf4 Rg8 42. Rh4 Rg6 43. Rf3 h6 44. Rff4 Nb8 45. Rhg4 Rxg4 46. Rxg4
Nd7 47. Rg7 Nxf6 48. Rxf7 Ne4 49. Re7 Nxa2 50. Rxe6 Nc1 51. Rxh6 Ne2+ 52. Kg2
Nxd4 53. h4 Nxc5 54. Rh5 Nc2 55. Rh8+ Ka7 56. h5 Ne3+ 57. Kf3 Nc4 58. h6 Ne5+
59. Ke3 Nf7 60. Rh7 d4+ 61. Kxd4 Ne6+ 62. Ke3 Ned8 63. g4 Kb8 64. Kf4 b5 65. g5
Ne6+ 66. Kf5 Nexg5 67. Rg7 Kc7 68. h7 Nxh7 69. Rxf7+ Kb6 70. Rxh7 Kc5 71. Ke4
Kc4 72. Rc7+ 1-0

[Event "1MCR_3DE_1L_1S"]
[Site "?"]
[Date "2005.??.??"]
[Round "1"]
[White "Necesany, Zdenek"]
[Black "Tomisek, Petr"]
[Result "1/2-1/2"]
[WhiteElo "2215"]
[BlackElo "2170"]
[PlyCount "130"]
[EventDate "2005.??.??"]
[EventType "corr"]
[SourceDate "2005.03.20"]

1. d4 Nf6 2. c4 c5 3. d5 e5 4. Nc3 d6 5. e4 g6 6. Bd3 Bg7 7. Nge2 Nbd7 8. f3 a6
9. Bg5 O-O 10. Qd2 Qc7 11. O-O-O b5 12. h4 Rb8 13. h5 bxc4 14. Bxc4 Rb4 15. Bb3
c4 16. Bc2 Nxh5 17. Bh6 Bxh6 18. Qxh6 Ndf6 19. Rdf1 Ng7 20. Qh4 Qd8 21. g4 Bd7
22. Nd1 Re8 23. Ng3 Kf8 24. Qh6 Rb7 25. Rh2 Ng8 26. Qd2 Nf6 27. Kb1 h5 28. gxh5
Nfxh5 29. Nxh5 Nxh5 30. Qh6+ Ke7 31. f4 Rh8 32. Qg5+ Ke8 33. Qxd8+ Kxd8 34.
fxe5 dxe5 35. Rxf7 Ke8 36. Rf6 Nxf6 37. Rxh8+ Kf7 38. Ra8 g5 39. Rxa6 g4 40.
Ra3 Rc7 41. Kc1 Nh5 42. Kd2 g3 43. Rf3+ Ke7 44. Rf1 Rc8 45. Ne3 Nf4 46. Rh1 Nh3
47. Ba4 Rg8 48. Bxd7 g2 49. Nxg2 Rxg2+ 50. Ke1 Nf4 51. Ba4 Rxb2 52. Rh6 Kf7 53.
d6 Nd3+ 54. Kf1 Rf2+ 55. Kg1 Rd2 56. d7 Nc5 57. Bb5 c3 58. Rc6 Nxd7 59. Rxc3
Nf6 60. Bd3 Ke7 61. a3 Kd6 62. Kf1 Nd7 63. Ke1 Rg2 64. Bc2 Nc5 65. a4 Ne6
1/2-1/2

[Event "1MCR_3DE_1L_2S"]
[Site "?"]
[Date "2005.??.??"]
[Round "2"]
[White "Janous, Petr"]
[Black "Struzka, Vlastimil"]
[Result "1-0"]
[WhiteElo "2270"]
[BlackElo "2216"]
[PlyCount "109"]
[EventDate "2005.??.??"]
[EventType "corr"]
[SourceDate "2005.03.20"]

1. e4 d6 2. d4 Nf6 3. Nc3 g6 4. f4 Bg7 5. Nf3 O-O 6. Bd3 Nc6 7. O-O Bg4 8. e5
dxe5 9. dxe5 Nd5 10. h3 Be6 11. Ng5 Nxc3 12. bxc3 Qd5 13. Be3 Rad8 14. Nxe6
Qxe6 15. Qf3 Na5 16. a4 f5 17. Bc5 Kh8 18. Rad1 b6 19. Bb4 Nc6 20. h4 Nb8 21.
Ba3 c5 22. a5 Nc6 23. axb6 axb6 24. Rb1 Ra8 25. Bc1 Rab8 26. h5 c4 27. Be2 g5
28. Rb5 g4 29. Qd5 Qh6 30. Qxc4 Rbc8 31. Qd3 Na7 32. Rb4 Nc6 33. Rb1 Qxh5 34.
Rxb6 Qh6 35. Qe3 g3 36. Qxg3 Nd4 37. cxd4 Qxb6 38. Qd3 Bh6 39. Be3 Qg6 40. c4
Rg8 41. g4 fxg4 42. Qxg6 Rxg6 43. c5 e6 44. Bc4 g3 45. Kg2 Rb8 46. Rc1 Rb2+ 47.
Kf3 g2 48. c6 Rb8 49. Bxe6 Rxe6 50. d5 Ree8 51. c7 Rbc8 52. d6 Rf8 53. d7 Bg7
54. Kxg2 h5 55. Bb6 1-0

[Event "1MCR_3DE_1L_1S"]
[Site "?"]
[Date "2005.??.??"]
[Round "1"]
[White "Mezera, Lukas"]
[Black "Necesany, Zdenek"]
[Result "1/2-1/2"]
[WhiteElo "2266"]
[BlackElo "2215"]
[PlyCount "102"]
[EventDate "2005.??.??"]
[EventType "corr"]
[SourceDate "2005.03.20"]

1. e4 c5 2. d4 cxd4 3. c3 dxc3 4. Nxc3 Nc6 5. Nf3 d6 6. Bc4 a6 7. O-O Nf6 8. b4
e6 9. Qe2 b5 10. Bb3 Nxb4 11. Rd1 Be7 12. Ba3 Qa5 13. Qb2 O-O 14. Bxe6 Nc2 15.
Bd5 Rb8 16. Bxd6 Bxd6 17. Qxc2 Bg4 18. Bb3 Bxh2+ 19. Nxh2 Bxd1 20. Nxd1 Qe1+
21. Nf1 Rbc8 22. Qd3 Nxe4 23. Qe3 Qxe3 24. Ndxe3 a5 25. Nd5 Rfe8 26. Nfe3 Kf8
27. Rd1 h5 28. g3 g6 29. Kg2 Kg7 30. Nb6 Rc6 31. Nbd5 Rd8 32. a4 b4 33. Nxb4
Rxd1 34. Nxc6 Rd2 35. Nxa5 Rxf2+ 36. Kg1 Rf3 37. Nac4 Rxg3+ 38. Kh2 h4 39. a5
Nc5 40. Bc2 Kh6 41. Bf5 Rf3 42. Kg2 Rf4 43. Bc8 f5 44. Bb7 Rd4 45. a6 Rd8 46.
Kh3 Kg5 47. Ne5 Kf6 48. N3c4 g5 49. a7 g4+ 50. Nxg4+ fxg4+ 51. Kxg4 Nxb7
1/2-1/2

[Event "1MCR_3DE_1L_2S"]
[Site "?"]
[Date "2005.??.??"]
[Round "2"]
[White "Sedlaty, Martin"]
[Black "Soucha, Stepan"]
[Result "1/2-1/2"]
[WhiteElo "1800"]
[BlackElo "2335"]
[PlyCount "102"]
[EventDate "2005.??.??"]
[EventType "corr"]
[SourceDate "2005.03.20"]

1. d4 d5 2. Nf3 Nf6 3. c4 e6 4. Nc3 Be7 5. Bf4 O-O 6. e3 c5 7. dxc5 Bxc5 8.
cxd5 Nxd5 9. Nxd5 exd5 10. a3 Nc6 11. Bd3 Bb6 12. O-O d4 13. Qc2 h6 14. Bh7+
Kh8 15. Be4 Qf6 16. Rae1 Bd7 17. Bxc6 Bxc6 18. Be5 Qg6 19. Qxg6 fxg6 20. Bxd4
Bb5 21. Bxb6 axb6 22. Rd1 Bxf1 23. Kxf1 Rfd8 24. Nd4 g5 25. f3 Rac8 26. Ke2 Kg8
27. h3 Kf7 28. g3 b5 29. Ke1 Rc5 30. Kd2 Kf6 31. Ra1 Ra8 32. Re1 b4 33. axb4
Rcc8 34. Kd3 Ra2 35. Rb1 Rca8 36. Nb3 h5 37. Nc5 Ra1 38. Rxa1 Rxa1 39. Nxb7 Rh1
40. b5 Rxh3 41. Nc5 Ke7 42. b6 Kd8 43. g4 Rxf3 44. gxh5 g4 45. Ke2 Rh3 46. b4
Rxh5 47. e4 Rh6 48. b7 Rb6 49. Ke3 Rxb4 50. Kf2 Rb1 51. e5 Kc7 1/2-1/2

[Event "1MCR_3DE_1L_1S"]
[Site "?"]
[Date "2005.??.??"]
[Round "1"]
[White "Hruby, Jaromil"]
[Black "Doudera, Lubomir"]
[Result "1-0"]
[WhiteElo "2053"]
[BlackElo "2179"]
[PlyCount "71"]
[EventDate "2005.??.??"]
[EventType "corr"]
[SourceDate "2005.03.20"]

1. e4 d5 2. exd5 Qxd5 3. Nc3 Qa5 4. d4 Nf6 5. Nf3 Bg4 6. h3 Bh5 7. Bd2 e6 8. g4
Bg6 9. Ne5 Qb6 10. Nxg6 hxg6 11. g5 Nd5 12. Nxd5 exd5 13. Qe2+ Be7 14. O-O-O
Nc6 15. c3 O-O-O 16. Qf3 Rhf8 17. Re1 Qa5 18. Kb1 Kb8 19. Re2 Qb6 20. Bg2 Qb5
21. Rhe1 Rd7 22. Bc1 Bd8 23. Bf1 Qa4 24. Re8 Rxe8 25. Rxe8 a6 26. Bd3 Ka7 27.
h4 Na5 28. Rg8 Nc4 29. b3 Na3+ 30. Kb2 Qa5 31. Bd2 f5 32. Qe2 Nb5 33. a4 Be7
34. Qe6 Ba3+ 35. Kc2 Re7 36. Qc8 1-0

[Event "1MCR_3DE_1L_1S"]
[Site "?"]
[Date "2005.??.??"]
[Round "1"]
[White "Necesany, Zdenek"]
[Black "Doudera, Lubomir"]
[Result "1-0"]
[WhiteElo "2215"]
[BlackElo "2179"]
[PlyCount "99"]
[EventDate "2005.??.??"]
[EventType "corr"]
[SourceDate "2005.03.20"]

1. d4 d5 2. c4 c6 3. Nc3 Nf6 4. Nf3 dxc4 5. a4 Bf5 6. Ne5 e6 7. f3 Bb4 8. e4
Bxe4 9. fxe4 Nxe4 10. Bd2 Qxd4 11. Nxe4 Qxe4+ 12. Qe2 Bxd2+ 13. Kxd2 Qd5+ 14.
Kc2 Na6 15. Nxc4 O-O-O 16. Qe3 c5 17. Kb3 Nb4 18. Rc1 Nc6 19. Ka2 Rhe8 20. Kb1
Nb4 21. Qc3 Kb8 22. Qe5+ Qxe5 23. Nxe5 f6 24. Bb5 Re7 25. Nf3 b6 26. Rhd1 Rxd1
27. Rxd1 e5 28. Ne1 Kb7 29. Nc2 Nc6 30. g4 Nd4 31. Ne3 Kb8 32. Rf1 h6 33. Nf5
Rc7 34. h4 Nb3 35. Kc2 Nd4+ 36. Kd2 a5 37. Kd3 Kc8 38. Ke4 Kd8 39. Ne3 Re7 40.
g5 hxg5 41. hxg5 Re6 42. Bc4 Rd6 43. gxf6 gxf6 44. Rg1 Nc6 45. Rg8+ Kd7 46. Nf5
Rd1 47. Bb5 Re1+ 48. Ne3 c4 49. Rg6 Kc7 50. Rxf6 1-0